=LDR 00000nam 2200000 4500 =001 INLIS000000000012995 =005 20130612104446 =008 ***********************************Ind** =035 ##$$0010-061300000012995 =041 ##$$a Ind =082 ##$$a 2x3.46 =090 ##$$a 2x3.46, Sya a =100 ##$$a Syahin, Abdul Shabur =245 ##$$a Adam bukan manusia pertama, Mitos atau realita, Abdul Shabur Syahir ; penerjemah, Yessi HM. Bayaruddin =260 ##$$a 2004 $b Jakarta =300 ##$$a 258 hlm, 21 cm =650 ##$$a Cerita Nabi Adam =700 ##$$a Bayaruddin, Yessi HM =850 ##$$a NBPNMAT